Textbook Of Engineering Mechanics (Record no. 342883)
[ view plain ]
| 000 -LEADER | |
|---|---|
| fixed length control field | 00505nam a2200181Ia 4500 |
| 008 - FIXED-LENGTH DATA ELEMENTS--GENERAL INFORMATION | |
| fixed length control field | 230718s9999 xx 000 0 und d |
| 020 ## - INTERNATIONAL STANDARD BOOK NUMBER | |
| International Standard Book Number | 9788121926165 |
| 041 ## - LANGUAGE CODE | |
| Language code of text/sound track or separate title | eng |
| 082 ## - DEWEY DECIMAL CLASSIFICATION NUMBER | |
| Classification number | 620.1 |
| Item number | KHU |
| 100 ## - MAIN ENTRY--PERSONAL NAME | |
| Personal name | Khurmi R.S. |
| 9 (RLIN) | 141538 |
| 245 ## - TITLE STATEMENT | |
| Title | Textbook Of Engineering Mechanics |
| 250 ## - EDITION STATEMENT | |
| Edition statement | 20th Revised ed. |
| 260 ## - PUBLICATION, DISTRIBUTION, ETC. (IMPRINT) | |
| Date of publication, distribution, etc. | 2014 |
| Name of publisher, distributor, etc. | S. Chand |
| 300 ## - PHYSICAL DESCRIPTION | |
| Extent | 765 |
| Accompanying material [OBSOLETE, CAN/MARC] | Ref 435 G (54079) |
| 365 ## - TRADE PRICE | |
| Currency code | Rs. |
| Price amount | 695.00 |
| 700 ## - ADDED ENTRY--PERSONAL NAME | |
| Personal name | Khurmi R.S. |
| 9 (RLIN) | 141538 |
| 906 ## - LOCAL DATA ELEMENT F, LDF (RLIN) | |
| d | O:0525411-Aug-2016B:IN 74528-Jul-2016 |
| c | BSH |
| b | 3892 |
| Withdrawn status | Lost status | Damaged status | Not for loan | Home library | Current library | Date acquired | Vendor | Budget Code | Cost, normal purchase price | Bill number | Total Checkouts | Full call number | Barcode | Date last seen | Discount | Cost, replacement price | Bill Date | Koha item type | Original Barcode |
|---|---|---|---|---|---|---|---|---|---|---|---|---|---|---|---|---|---|---|---|
| Cummins College of Engineering for Women Pune | Cummins College of Engineering for Women Pune | 11/08/2016 | Pradeep Book Distributors | BSH | 500.40 | IN 745 | 620.1 | CCEP-BK-54090 | 18/07/2023 | 3892 | 695.00 | 28/07/2016 | Books | 054090 |